书目信息 |
| 题名: |
文献资源建设
|
|
| 作者: | 沈继武 , 萧希明 编著 | |
| 分册: | ||
| 出版信息: | 武汉 武汉大学出版社 1991.4 |
|
| 页数: | 283页 | |
| 开本: | 20cm | |
| 丛书名: | ||
| 单 册: | ||
| 中图分类: | G253 | |
| 科图分类: | 37.64 | |
| 主题词: | 馆藏管理--高等学校--教材 | |
| 电子资源: | ||
| ISBN: | 7-307-00962-5 | |
| 000 | 00904nam0 2200277 45 | |
| 001 | 0192009434 | |
| 005 | 20070730091930.56 | |
| 010 | @a7-307-00962-5@dCNY11.00 | |
| 020 | @aCN@b92009434 | |
| 100 | @a19920819d1991 em y0chiy0121 ea | |
| 101 | 0 | @achi |
| 102 | @aCN@b420000 | |
| 105 | @ay z 000yy | |
| 200 | 10 | @a文献资源建设@Awen xian zi yuan jian she@f沈继武,萧希明编著@Fshen ji wu xiao xi ming bian zhu |
| 210 | @a武汉@c武汉大学出版社@d1991.4@h2001 | |
| 215 | @a283页@d20cm | |
| 300 | @a高等学校文科教材 | |
| 330 | @a本书论述了文献资源建设的原则、规划,并对馆藏文献的来源、补充、组织、剔除及评价作了理论研究。 | |
| 540 | 1 | @a文献 资源 建设@Awen xian zi yuan jian she |
| 606 | @a馆藏管理@x高等学校@x教材 | |
| 690 | @aG253 | |
| 692 | @a37.64 | |
| 701 | 0 | @a沈继武@Ashen ji wu@4编著 |
| 701 | 0 | @a萧希明@Axiao xi ming@4编著 |
| 801 | 0 | @aCN@bTSSF@c20070730 |
| 905 | @a10447@dG253@e111 | |
| 文献资源建设/沈继武,萧希明编著.-武汉:武汉大学出版社,1991.4(2001) |
| 283页;20cm |
| 高等学校文科教材 |
| ISBN 7-307-00962-5:CNY11.00 |
| 本书论述了文献资源建设的原则、规划,并对馆藏文献的来源、补充、组织、剔除及评价作了理论研究。 |
| ● |
| 相关链接 |
|
|
|
|
正题名:文献资源建设
索取号:G253/111
 
预约/预借
| 序号 | 登录号 | 条形码 | 馆藏地/架位号 | 状态 | 备注 |
| 1 | 0784019 | 207840194 | 第一样本阅览室/ [索取号:G253/111] | 在馆 | |
| 2 | 0785051 | 207850510 | 第四借阅区/ [索取号:G253/111] | 在馆 |